Who's That With Jerry Seinfeld? Quiz Stats

 Plays Quiz Updated Apr 29, 2018

Support Sporcle.
Go Orange.
Score 0/25 Timer 05:00
0 Plays Today
% Correct
Bill Clinton
98%
Oprah Winfrey
96.8%
Elton John
95.7%
Tom Cruise
95.1%
Jay Leno
94.4%
Barack Obama
94.3%
Alec Baldwin
90.7%
Robert De Niro
90.6%
Mark Zuckerberg
87.4%
Ben Stiller
87.2%
David Letterman
85.7%
Steve Martin
85.6%
Jimmy Fallon
85.5%
% Correct
Chris Rock
85.4%
Barbra Streisand
84.7%
Tina Fey
82.9%
Jamie Foxx
80.9%
Hugh Jackman
80.9%
Bruce Springsteen
75.3%
Julia Louis-Dreyfus
72.9%
Larry David
72.2%
Jon Stewart
70.6%
Paul Simon
65.8%
Jason Alexander
65.6%
Michael Richards
45.8%

You're not logged in!

Compare scores with friends on all Sporcle quizzes.
OR
Log In

From the Vault

Disney Characters (A-Z) II

by drummerchic312

We're still waiting for that epic Disney tale about Quetzalcoatl.
Remove Ads.
Support Sporcle.
Get the best of Sporcle when you Go Orange. This ad-free experience offers more features, more stats, and more fun while also helping to support Sporcle. Thank you for becoming a member.

Show Comments

Extras

Top Quizzes Today


Score Distribution

Your Account Isn't Verified!

In order to create a playlist on Sporcle, you need to verify the email address you used during registration. Go to your Sporcle Settings to finish the process.

Report this User

Report this user for behavior that violates our Community Guidelines.

Details: